000 00464cam a2200181ua 4500
001 6297
008 131128n ii |||frmmmmZ001|0|asm
040 _cMAIN
082 _a910
245 _aBanijyik Bhugol
_cBy Amarendra nath thakur
250 _a1st ed.
260 _aDibrugarh:
_bpathyaputhi prastuti samanay samiti,
_c1973.
300 _ax,275p.
653 _aCommerce
653 _aBanijyik bhugol
700 _aThakur,Amarendra nath,
_eAuthor.
942 _cBK
999 _c5449
_d5449